History Quiz

Random History or Famous Quiz

Born in the 1950s Quiz Stats

 Plays Quiz Updated Jul 15, 2014

Support Sporcle.
Go Orange.
Score 0/30 Timer 06:00
0 Plays Today
% Correct
Tom Hanks
75%
Bruce Willis
71.7%
Oprah Winfrey
70.8%
Robin Williams
70.2%
Bill Gates
67.8%
Whoopi Goldberg
66.5%
Carrie Fisher
66.3%
Kevin Spacey
66.1%
Bill Murray
64.4%
Liam Neeson
63.3%
David Hasselhoff
63.2%
Denzel Washington
62.9%
Sting
62.5%
Roseanne Barr
61.7%
Christopher Reeve
61.7%
% Correct
Jay Leno
60.6%
Kirstie Alley
59.1%
Howard Stern
58.5%
Tony Blair
58.3%
John Candy
58.1%
Kim Basinger
57.4%
Vladimir Putin
57.2%
Stevie Wonder
55.4%
Michael Bolton
54.7%
Annie Lennox
53.3%
Billy Idol
51.3%
Rowan Atkinson
50.5%
Mr T
50.4%
Richard Branson
49%
Andy Garcia
47.6%

You're not logged in!

Compare scores with friends on all Sporcle quizzes.
OR
Log In

From the Vault

Virginia Cities

by Booger

Virginia was once for lovers, but more and more lately, its for Washington bureaucrats who crave suburbia.
Remove Ads.
Support Sporcle.
Get the best of Sporcle when you Go Orange. This ad-free experience offers more features, more stats, and more fun while also helping to support Sporcle. Thank you for becoming a member.

Show Comments

Extras

Top Quizzes Today


Score Distribution

Your Account Isn't Verified!

In order to create a playlist on Sporcle, you need to verify the email address you used during registration. Go to your Sporcle Settings to finish the process.

Report this User

Report this user for behavior that violates our Community Guidelines.

Details: